000 00564cam a2200205 4500
001 D15643
008 090401t1980 xxu||||| |||| 00| 0 eng d
035 _a(Sirsi) u24280
041 _aeng
050 _a381.41
110 _aLivestock Auctioneers' Market Committee for England and Wales
245 _aReport April 1979 to March 1980
260 _aBasingstoke Hants
_bRICS
_c1980
300 _a10p. 21cm
350 _a0
520 _aFiled in box 1980/103A
710 _aRoyal Institution of Chartered Surveyors
_94900
942 _n0
948 _c04/03/1997
999 _c88521
_d88521